| 000 | 00492ntaaa2200181 4500 | ||
|---|---|---|---|
| 003 | 01 | ||
| 005 | 20251027203001.0 | ||
| 008 | 0714s1973 ag 01 | ||
| 040 |
_aAR-BaBN _bspa _cAR-BaBN _eaacr _dRIC |
||
| 082 | _a983.0000 E98 | ||
| 100 |
_aEysaguirre, M. L'Abbé _930800 |
||
| 245 | _aHistoire ecclesiastique, politique et littéraire du Chili | ||
| 250 | _a1 ed. | ||
| 260 |
_aLille : _bL. Lefort, Imprimeur-Libraire, _c1855 |
||
| 300 | _a2 tomos | ||
| 650 | _aChile-historia | ||
| 942 | _cBK | ||
| 999 |
_c25240 _d25240 |
||